Statistics for Spanish Political Parties

Click here to take the quiz!

General Stats

  • This quiz has been taken 104 times
  • The average score is 6 of 10

Answer Stats

SeatsAnswer% Correct
120PSOE
99%
52Vox
95%
88People's Party
93%
35Unidas Podemos
83%
10Ciudadanos
77%
7Basque Nationalist Party
59%
3Mas Pais
35%
8Together for Catalonia
20%
13Republican Left of Catalonia
16%
5Basque Country Unite
5%

Score Distribution

Percentile by Number Answered

Percent of People with Each Score

Your Score History

You have not taken this quiz